000
00277nam a2200109Ia 4500
008
220120s9999||||xx |||||||||||||| ||und||
082
_a
621.3822 OPP
100
_a
Oppenhuiem, Alan, V
_9
11421
245
0
_a
Digital signal processing
260
_b
New Delhi
300
_a
726p.
_b
290
999
_c
136346
_d
136346